Prosa ligera /

Guardado en:
Autor Principal: Cané, Miguel
Formato: Libro
Publicado: Argentina : La cultura argentina, 1919
Etiquetas: Agregar Etiqueta
Sin Etiquetas, Sea el primero en etiquetar este registro!
LEADER 00409nam a22001455a 4500
001 CEM.cems001402
005 20060214000000.0
008 130507s1919##################000#0#####d
003 CEMS
082 0 4 |a A868.2 
100 1 |a Cané, Miguel 
245 1 0 |a Prosa ligera /  |c Miguel Cané 
260 |a Argentina :  |b La cultura argentina,  |c 1919 
300 |a 228 p.1 
859 |a CEMS  |b BIB. CEMS - 11 de abril  |h A868.2  |i C162-3  |p 10215.81  |t Ej.1